[Event "TUR-chT Clubs"]
[Site "Konya"]
[Date "2019.07.18"]
[Round "5.21"]
[White "Ay, Altug"]
[Black "Koyuncu, Muhammed Talha"]
[Result "1/2-1/2"]
[WhiteElo "1224"]
[BlackElo "1478"]
[PlyCount "73"]
[EventDate "2019.07.16"]
[EventType "team-swiss"]
[EventRounds "9"]
[EventCountry "TUR"]
[SourceTitle "CBM 191 Extra"]
[Source "ChessBase"]
[SourceDate "2019.09.30"]
[SourceVersion "1"]
[SourceVersionDate "2019.09.30"]
[SourceQuality "1"]
[WhiteTeam "Karaman Onder Durmus"]
[BlackTeam "Hartlap Koyu Ali Dogan"]
[WhiteTeamCountry "TUR"]
[BlackTeamCountry "TUR"]

1. d4 d5 2. Nf3 Nf6 3. g3 Bf5 4. Bg2 e6 5. 0-0 h5 6. Bg5 Qd6 7. c4 Ne4 8. Bf4 Qb6 9. Qb3 Qxb3 10. axb3 Bd6 11. Bxd6 Nxd6 12. Nbd2 c6 13. Rfe1 Nd7 14. Nh4 g5 15. Nxf5 Nxf5 16. e4 Nxd4 17. Rac1 dxe4 18. Nxe4 Nxb3 19. Rc3 Nbc5 20. Nxg5 a5 21. Ra1 Ke7 22. Ne4 Nxe4 23. Bxe4 Nc5 24. Bf3 h4 25. Rca3 hxg3 26. hxg3 a4 27. Bd1 b5 28. cxb5 cxb5 29. Rc3 Rac8 30. Rac1 Kd6 31. Be2 b4 32. Rc4 b3 33. Rd1+ Ke7 34. Rdc1 Kd6 35. Rd1+ Kc6 36. Rdc1 Kb6 37. Rb4+ 1/2-1/2